01316nam a22002657a 4500003000900000005001700009008002900026020001900055040002600074082001800100245008800118260003700206300003800243500007900281590002900360600005800389650005000447700006100497910003700558942001400595952013800609952014300747952014300890999001701033DO-SdBNP20210806133323.0210714b 2018 ac 00| 0 eng d a9789945169133  aDO-SdBNPbspacBNPHU  4a920.71bF216a00aAdeliquín. 60 años con Down /cArlette Pichardo Muñiz, compiladora y editora  aSanto Domingo : bBúho,c2018. a112 p. :bil., retrs. ; c22 cm.  aIncluye datos biográficos de la compiladora en la solapa de la cubierta. aInventariado, 2021 /LP 14aFantino Longo Gomez, Ricardo Adélicod1957-979420 4aSíndrome de down xAspectos sociales9794211 aPichardo Muñiz, Arlette,ecompiladora y editora979212 aValidado. Control de calidad MFF 2ddccLBS1 00102ddc51718MOaBNPHUbPDcHDd2021-07-14eDepósito Legal l0oBNPHU PD 920.71 F216ap2021-25110r2021-07-14w2021-07-14yLBS1 00102ddc51728MOaBNPHUbPDcHDd2021-07-14eDepósito Legal l0oBNPHU PD 920.71 F216ap2021-25111r2021-07-14te.2w2021-07-14yLBS1 00102ddc56708MOaBNPHUbGRcHDd2021-07-14eDepósito Legal l0oBNPHU DS 920.71 F216ap2021-25112r2021-07-14te.3w2021-07-14yLBS1 c50103d50103